000 00623aas a2200193 4500
999 _c63489
_d63489
001 768714001
003 CO-MdFUSB
005 20171025105527.0
008 171025s2010 ck ||||| |||| 00| 0 spa d
022 _a2145-8197
040 _aCO-MdFUSB
_bspa
_cCO-MdFUSB
_dCO-MdFUSB
041 _aspa
245 0 _aBonanza de Marihuana
_c/ El Tiempo
300 _aNúmero 7 (2010), página 26
_c: 28 cm.
520 1 _aEl país se convierte en cultivador y exportador ilegal de cannabis. Entran millones de dólares.
650 1 4 _aHISTORIA
773 0 _tdk100
_049432
_959932
_gNúmero 7 (2010), página 26
_qPágina 26
942 _cANA